=LDR 00000nam 2200000 4500 =001 INLIS000000000033451 =005 20170222173324.0 =006 =007 =008 ind =035 ##$$0010-061300000033451 =041 ##$$a ind =082 ##$$a 649.64 =090 ##$$a 649.64, Niz m =100 ##$$a Nizar, Omsm Ahmad Ibnu =245 ##$$a Membentuk =260 ##$$a 2009 $b Yogyakarta =300 ##$$a 294 hlm, 21 cm =650 ##$$a Disiplin Anak =700 ##$$a Arini =850 ##$$a NBPNMAT